Statystyki dla 20 największych miast w USA w roku 1900

Kliknij tutaj aby rozwiązać quiz!

Ogólne statystyki

  • Ten quiz został rozwiązany 84 razy
  • Średni wynik to 8 z 20

Statystyki odpowiedzi

PopulacjaMiasto% Poprawnych
3,437,202Nowy Jork
99%
278,718Waszyngton
89%
560,892Boston
77%
1,698,575Chicago
77%
1,293,697Philadelphia
70%
285,704Detroit
61%
342,782San Francisco
59%
287,104Nowy Orlean
42%
202,718Minneapolis
32%
508,957Baltimore
31%
381,768Cleveland
30%
285,315Milwaukee
27%
321,616Pittsburgh
26%
575,238St Louis
22%
352,387Buffalo
20%
325,902Cincinnati
20%
175,597Providence
16%
204,731Louisville
12%
246,070Newark
11%
206,433Jersey City
8%

Rozkład punktacji

Percentyl według liczby udzielonych odpowiedzi

Procent ludzi z każdym wynikiem

Twoja historia wyników

Nie rozwiązałeś tego quizu